000 00304nam a2200121Ia 4500
008 180117s9999 xx 000 0 und d
100 _aby Jullie Y Daza
245 _aMedium Rare
260 _c2017
300 _a18-20 pages, 2017 February 19
440 _aPhilippine Panorama
650 _aBENJIE'S MENU
999 _c353427
_d353427